000 00495nam a2200193Ia 4500
005 20230504125510.0
008 131103s9999 xx 000 0 und d
040 _aLoreto College
041 _aEnglish
082 _a823.8
_bTHA-SUN
245 _aVanity fair
_cEdited by M G Sundell
260 _bA Spectrum book
_c1969
300 _a123 p.
504 _aIncludes bibliographical references
650 _aEnglish essays
700 _aSundell , M G.,ed.
850 _aLCLIB
942 _cBK
999 _c22403
_d72882